000 01716nam a2200385 a 4500
001 0000347
003 DO-SdBNP
005 20180307143020.0
007 0000347
008 100909s2012 dr a 000 0 spa d
020 _a9789945117578
040 _aBPMSU
_bspa
_cBPMSU
092 _a372.21
_bJ61l, 4 años 2012
100 1 _aJiménez Rosa, Tania
245 1 0 _aLisa, Tomás y sus amigos 4 :
_beducación inicial /
_cTania Jiménez Rosa, Altagracia Santos ; dirección editorial Obdulia García de Escobar; ilustración Ruddy Núñez...[et al.].
260 _aSanto Domingo :
_bSantillana,
_c2012.
300 _a272 p :
_bil.,
_c20 cm.
490 1 _aInnova
500 _aEste libro ha sido realizado de conformidad con el currículum vigente y ha sido sometido a la aprobación del MINERD(Ministerio de Educación de la República Dominicana)
500 _aLa biblioteca solamente posee el libro de texto.
505 0 _tUn lindo paseo --
_tEstamos creciendo --
_tUna familia feliz --
_tEn mi colegio --
_tMi comunidad local --
_tMi país, mi nación --
_tAlimentos nutritivos --
_tCuidamos la naturaleza --
_tLa tierra es nuestro planeta --
_tPronto estaré de vacaciones --
650 _aEDUCACIÓN PREESCOLAR
_zREPÚBLICA DOMINICANA
650 _aEDUCACIÓN DE NIÑOS
650 _aEDUCACIÓN EN LA PRIMERA INFANCIA
650 _aJARDINES INFANTILES
650 _aEDUCACIÓN PREESCOLAR
_xLIBROS DE TEXTO
650 _aEDUCACIÓN PREESCOLAR
_xESTUDIOS Y EJERCICIOS
700 1 _aGarcía de Escobar, Obdulia
_eed.
700 1 _aNúñez, Ruddy
_eil.
830 0 _aInnova
910 _a000144
942 _2ddc
_cBK
945 _aRemanejado para la Bib. BNPHU, 2018/ YL
956 _aYLOCKWARD
_b10
_cBPMSU
999 _c9948
_d9948